| 000 | 00625 a2200193 4500 | ||
|---|---|---|---|
| 001 | 62486 | ||
| 005 | 20260407155918.0 | ||
| 008 | 260407a1974 arg spa d | ||
| 003 | AR-UNSa-BCEJYS | ||
| 040 |
_aAR-UNSa-BCEJYS _bspa _cAR-UNSa-BCEJYS |
||
| 080 |
_a336.24.07 _xAutoridades aduaneras. Administración de aduanas |
||
| 245 | 1 | 0 |
_aProcedimiento administrativo aduanero _pLegislación, doctrina, jurisprudencia |
| 264 | 1 |
_aBuenos Aires : _bEdiciones Depalma _c1974 |
|
| 300 |
_axiii, 117 p. _c23 cm. |
||
| 041 | _aspa | ||
| 942 | _cBK | ||
| 590 | _aniveau_biblio:m niveau_hierar:0 | ||
| 100 | 1 | _aEspinosa Gaviña, Rodolfo | |
| 999 |
_c7680 _d7680 |
||